| 000 | 00368nam a2200145Ia 4500 | ||
|---|---|---|---|
| 008 | 240624s9999 xx 000 0 und d | ||
| 041 | _aeng | ||
| 082 | _a300.72 BER | ||
| 100 | _aBERNARD H RUSSELL | ||
| 245 | _aANALYZING QUALITATIVE DATA SYSTEMATIC AP | ||
| 250 | _a(2nd ed.) | ||
| 260 |
_c2017 _aNew Delhi _bSage |
||
| 300 | _axxiv, 552 p.; 23 cm. | ||
| 365 |
_c _b32 |
||
| 999 |
_c29860 _d29860 |
||